Statistics for 2018 NHL Free Agency

Click here to take the quiz!

General Stats

  • This quiz has been taken 22 times
  • The average score is 14 of 66

Answer Stats

PositionPlayerFromTo% Correct
FJohn TavaresNY IslandersToronto Maple Leafs
70%
DMike GreenDetroit Red WingsDetroit Red Wings
55%
GPetr MrazekRed Wings/FlyersCarolina Hurricanes
55%
FTomas PlekanecCanadiens/Maple LeafsMontreal Canadiens
55%
GCarter HuttonSt Louis BluesBuffalo Sabres
50%
GCam WardCarolina HurricanesChicago Blackhawks
45%
FJames van RiemsdykToronto Maple LeafsPhiladelphia Flyers
45%
GChad JohnsonBuffalo SabresSt Louis Blues
40%
FDavid PerronLV Golden KnightsSt Louis Blues
40%
DJack JohnsonColumbus Blue JacketsPittsburgh Penguins
40%
GJaroslav HalakNY IslandersBoston Bruins
40%
GJonathan BernierColorado AvalancheDetroit Red Wings
40%
FPaul StastnyWinnipeg JetsLV Golden Knights
40%
FRiley NashBoston BruinsColumbus Blue Jackets
40%
FTyler BozakToronto Maple LeafsSt Louis Blues
40%
FLeo KomarovToronto Maple LeafsNY Islanders
35%
FAntoine RousselDallas StarsVancouver Canucks
30%
DIan ColePenguins/Blue JacketsColorado Avalanche
30%
FJay BeagleWashington CapitalsVancouver Canucks
30%
FThomas VanekCanucks/Blue JacketsDetroit Red Wings
30%
GAnton KhudobinBoston BruinsDallas Stars
25%
DBrandon ManningPhiladelphia FlyersChicago Blackhawks
25%
DJohn MooreNJ DevilsBoston Bruins
25%
FMichael GrabnerRangers/DevilsArizona Coyotes
25%
FChris KunitzTampa Bay LightningChicago Blackhawks
20%
FJoakim NordstromCarolina HurricanesBoston Bruins
20%
FMatt CalvertColumbus Blue JacketsColorado Avalanche
20%
DRoman PolakToronto Maple LeafsDallas Stars
20%
FTim SchallerBoston BruinsVancouver Canucks
20%
FTobias RiederCoyotes/KingsEdmonton Oilers
20%
DXavier OuelletDetroit Red WingsMontreal Canadiens
20%
GAndrew HammondColorado AvalancheMinnesota Wild
15%
FAustin CzarnikBoston BruinsCalgary Flames
15%
FDaniel CarrMontreal CanadiensLV Golden Knights
15%
FEric FehrMaple Leafs/SharksMinnesota Wild
15%
DGreg PaterynDallas StarsMinnesota Wild
15%
FJT BrownLightning/DucksMinnesota Wild
15%
DKevin GravelLA KingsEdmonton Oilers
15%
FKyle BrodziakSt Louis BluesEdmonton Oilers
15%
GLaurent BrossoitEdmonton OilersWinnipeg Jets
15%
FMatt CullenMinnesota WildPittsburgh Penguins
15%
FMatthew PecaTampa Bay LightningMontreal Canadiens
15%
FMichael ChaputVancouver CanucksMontreal Canadiens
15%
FNic DowdKings/CanucksWashington Capitals
15%
DNick HoldenRangers/BruinsLV Golden Knights
15%
DThomas HickeyNY IslandersNY Islanders
15%
FBlake ComeauNY IslandersDallas Stars
10%
FDerek RyanCarolina HurricanesCalgary Flames
10%
DFrederik ClaessonOttawa SenatorsNY Rangers
10%
FKenny AgostinoBoston BruinsMontreal Canadiens
10%
DLuke SchennArizona CoyotesAnaheim Ducks
10%
FMatt HendricksWinnipeg JetsMinnesota Wild
10%
GMichael HutchinsonWinnipeg JetsFlorida Panthers
10%
FJimmy HayesNJ DevilsPittsburgh Penguins
5%
GMike McKennaDallas StarsOttawa Senators
5%
FScott WilsonPenguins/Red Wings/SabresBuffalo Sabres
5%
DStefan ElliottHV 71Pittsburgh Penguins
5%
DTyler WotherspoonStockton HeatSt Louis Blues
5%
DAdam ClendeningArizona CoyotesColumbus Blue Jackets
0%
DDillon SimpsonBakersfield CondorsColumbus Blue Jackets
0%
DMatt BartkowskiCalgary FlamesMinnesota Wild
0%
FMike LiambasAnaheim DucksMinnesota Wild
0%
DNick SeelerMinnesota WildMinnesota Wild
0%
GScott WedgewoodArizona CoyotesBuffalo Sabres
0%
FSven BaertschiVancouver CanucksVancouver Canucks
0%
DTommy CrossProvidence BruinsColumbus Blue Jackets
0%

Score Distribution

Percentile by Number Answered

Percent of People with Each Score

Your Score History

You have not taken this quiz